Loading...
| Fine Arts - Auditory Fine Arts | 6 | 18.33 | 100% | 83% | 0% |
| Fine Arts - Other Fine Arts | 4 | 20.00 | 100% | 100% | 0% |
| Fine Arts - Visual Fine Arts | 6 | 11.67 | 83% | 33% | 0% |
| Geography | 1 | 20.00 | 100% | 100% | 0% |
| History - American History | 6 | 15.00 | 100% | 50% | 0% |
| History - European History | 5 | 20.00 | 100% | 100% | 0% |
| History - Other History | 3 | 20.00 | 100% | 33% | 67% |
| History - World History | 7 | 15.71 | 100% | 29% | 29% |
| Literature - American Literature | 1 | 20.00 | 100% | 100% | 0% |
| Literature - British Literature | 8 | 20.00 | 100% | 75% | 25% |
| Literature - European Literature | 3 | 16.67 | 100% | 67% | 0% |
| Literature - World Literature | 6 | 18.33 | 100% | 50% | 33% |
| Mythology | 5 | 18.00 | 100% | 80% | 0% |
| Philosophy | 8 | 17.50 | 100% | 63% | 13% |
| Pop Culture | 2 | 20.00 | 100% | 100% | 0% |
| Religion | 6 | 18.33 | 100% | 83% | 0% |
| Science - Biology | 2 | 10.00 | 100% | 0% | 0% |
| Science - Chemistry | 5 | 12.00 | 100% | 20% | 0% |
| Science - Other Science | 4 | 22.50 | 100% | 75% | 50% |
| Science - Physics | 3 | 16.67 | 100% | 0% | 67% |
| Social Science | 3 | 20.00 | 100% | 67% | 33% |